Kdo (a kdy) uhradí čs. pohledávky?

Nezaplatené dodávky čs. podnikov do bývalého ZSSR predstavujú asi 600 mil. USD. Predstavujú jeden z hlavných zdrojov platobnej neschopnosti čs. podnikov a determinujú ďalšie vzťahy so SNŠ. Odpovede na otázky akým spôsobomn dôjde k uhradeniu dlžnej čiastky, aký je súčasný stav splácania a akú úlohu m...

Full description

Saved in:
Bibliographic Details
Main Author: Marták, Ľ.
Other Authors: Šatavová, I.
Format: Book Chapter
Language:Czech
Subjects:
Tags: Add Tag
No Tags, Be the first to tag this record!

MARC

LEADER 00000naa a2200000 4500
001 r008561
005 20220831083740.7
041 0 |a cze 
044 |a [CS] 
245 1 0 |a Kdo (a kdy) uhradí čs. pohledávky?  |c Ľ. Marták, I. Šatavová 
520 |a Nezaplatené dodávky čs. podnikov do bývalého ZSSR predstavujú asi 600 mil. USD. Predstavujú jeden z hlavných zdrojov platobnej neschopnosti čs. podnikov a determinujú ďalšie vzťahy so SNŠ. Odpovede na otázky akým spôsobomn dôjde k uhradeniu dlžnej čiastky, aký je súčasný stav splácania a akú úlohu majú samotné podniky pri vymáhaní nezaplatených dodávok. 
610 2 0 |a obchod zahraničný 
610 2 0 |a Spoločenstvo nezávislých štátov 
610 2 0 |a ZSSR 
610 2 0 |a ČSFR 
610 2 0 |a dlhy štátne 
610 2 0 |a zadlženosť zahraničná 
610 2 0 |a podnik 
100 1 |a Marták, Ľ. 
700 1 |a Šatavová, I.